000 02537cam a22004814a 4500
001 muse86598
003 MdBmJHUP
005 20210127151720.0
006 m o d
007 cr||||||||nn|n
008 200531r20201990ncu o 00 0 eng d
020 _a9781469656830
020 _z1469656833
020 _z9781469656823
035 _a(OCoLC)1157909442
040 _aMdBmJHUP
_cMdBmJHUP
050 4 _aPT1726.Z5
_bS64 1990
082 0 _a831/.5
_220
100 1 _aSperberg-McQueen, Marian R.,
_eauthor.
245 1 4 _aThe German Poetry of Paul Fleming
_bStudies in Genre and History /
_cMarian R. Sperberg-McQueen.
264 1 _bProject Muse,
264 3 _bProject MUSE,
300 _a1 online resource (1 EPUB unpaged.)
490 0 _aUNC studies in the Germanic languages and literatures ;
_vnumber 110
500 _aIssued as part of book collections on Project MUSE.
504 _aIncludes bibliographical references and index.
506 0 _aOpen Access
_fUnrestricted online access
_2star
520 _aThis study reassesses the poetry of Paul Fleming (1609-1640) in the context of its own literary, historical, and social background. The four chapters focus initially on generic and historical context. The study of selected texts leads to more general considerations of the sources and significance of certain major themes. A number of poems by Fleming and poets contemporary with him uncovered in the twentieth century are evaluated here for the first time. The result is a substantially revised view of Fleming's poetic development. Fleming is shown to have been a more complex and wide-ranging poet than was conventionally thought, one whose debt to Renaissance literary traditions has been underestimated.
588 _aDescription based on print version record.
600 1 1 _aFleming, Paul,
_d1609-1640
_xCriticism and interpretation.
655 0 _aElectronic books.
655 7 _aElectronic books.
_2local
710 2 _aProject Muse,
_edistributor.
776 1 8 _iPrint version:
_w(DLC) 89016499
_z9781469656823
_z1469656825
710 2 _aProject Muse.
_edistributor
830 0 _aUniversity of North Carolina studies in the Germanic languages and literatures ;
_vno. 110.
830 0 _aBook collections on Project MUSE.
856 4 0 _zFull text available:
_uhttps://muse.jhu.edu/book/75715/
999 _c26770
_d26770